00426nam a2200121Ia 4500003000400000005001700004008004100021040001800062041000800080100004200088245013800130260003600268OSt20260401122422.0211028s2013 xx 000 0 und d cAIMIT LIBRARY aeng aSuraj, M S; Kudtarkar, Ravi.g1116165 aBusiness consultancy project at pepsico India on strategy for achieving growth target (expanding retailer base in Mangalore region) / aMangalorebRavi Kudtarkarc2013